Francouzsko-český a česko-francouzský slovník /
Další vydání slovníku, v němž jsou pozměněna některá hesla a přidána některá nová. Hesla jsou řazena přísně abecedně i při hnízdování, slovní spojení a vysvětlivky jsou přeloženy do češtiny. Stručný mluvnický přehled klade důraz na poučení o výslovnosti a na časování nepravidelných sloves....
| Hlavní autor: | Buben, Vladimír, 1888-1956 |
|---|---|
| Další autoři: | Hořejší, Vladimír, 1925-1992, Bubnová, Milada, 1905- |
| Jazyk: | Francouzština Čeština |
| Vydáno: |
Praha : SPN, 1967 |
| Vydání: | 4. vyd. |
| Edice: |
Oboustranné střední slovníky
|
| Externí odkaz: |
Digitalizovaný dokument
|
| Fyzický popis: |
1243, [1] s. ; 8° |
| LEADER | 02876nam a22005052a 4500 | ||
|---|---|---|---|
| 001 | 000076057 | ||
| 003 | CZ BrMZK | ||
| 005 | 20161018141014.0 | ||
| 007 | ta | ||
| 008 | 950101s1967 xr f cze d | ||
| 015 | |a cnb000126942 | ||
| 035 | |a (OCoLC)42145024 | ||
| 040 | |a ABA001 |b cze |c BOA001 |d ABA001 | ||
| 041 | 0 | |a cze |a fre | |
| 080 | 9 | |a 801.323.2=4=85 | |
| 100 | 1 | |a Buben, Vladimír, |d 1888-1956 |7 jk01020075 |4 aut | |
| 245 | 1 | 0 | |a Francouzsko-český a česko-francouzský slovník / |c Vladimír Buben ; přeprac. Milada Bubnová a Vladimír Hořejší |
| 250 | |a 4. vyd. | ||
| 260 | |a Praha : |b SPN, |c 1967 | ||
| 300 | |a 1243, [1] s. ; |c 8° | ||
| 490 | 1 | |a Oboustranné střední slovníky | |
| 500 | |a 10000 výt. | ||
| 500 | |a Stručný přehled mluvnice | ||
| 504 | |a Obsahuje bibliografii | ||
| 520 | |a Další vydání slovníku, v němž jsou pozměněna některá hesla a přidána některá nová. Hesla jsou řazena přísně abecedně i při hnízdování, slovní spojení a vysvětlivky jsou přeloženy do češtiny. Stručný mluvnický přehled klade důraz na poučení o výslovnosti a na časování nepravidelných sloves. | ||
| 500 | |a Dostupné též v digitální podobě v aplikaci Kramerius | ||
| 700 | 1 | |a Hořejší, Vladimír, |d 1925-1992 |7 jk01042340 |4 aut | |
| 700 | 1 | |a Bubnová, Milada, |d 1905- |7 jk01020109 |4 aut | |
| 830 | 0 | |a Oboustranné střední slovníky | |
| 856 | 4 | 1 | |u http://www.digitalniknihovna.cz/mzk/uuid/uuid:5fc170a0-95b9-11e6-baa5-005056827e51 |y Digitalizovaný dokument |x NDK |
| 910 | |a BOA001 |b 1-0463.155-67 |b PK-A-0003.845-67 |b TK-0100.424-67 | ||
| 920 | |a 000345267 | ||
| 990 | |a BK | ||
| 991 | |b 201609 | ||
| 996 | 7 | |b 2619214921 |c 1-0463.155-67 |l MZK |r Sklad / do 1 hodiny |n 2 |w 000076057 |u 000080 |a 1 |e BOA001 |j MZK50 |s A | |
| 996 | 7 | |b 2619435394 |c 1-0463.155-67 |l MZK |r Sklad / do 1 hodiny |n 0 |w 000076057 |u 000090 |a 1 |e BOA001 |j MZK50 |s A | |
| 996 | 6 | |b 2619708575 |c 1-0463.155-67 |l MZK |r Sklad / do 1 hodiny |n 1 |w 000076057 |u 000070 |a 1 |e BOA001 |j MZK50 |s P | |
| 996 | 7 | |b 2619961111 |c 1-0463.155-67 |l MZK |r Sklad / do 1 hodiny |n 5 |w 000076057 |u 000010 |a 1 |e BOA001 |j MZK50 |s A | |
| 996 | 7 | |b 2619962299 |c 1-0463.155-67 |l MZK |r Sklad / do 1 hodiny |n 0 |w 000076057 |u 000030 |a 1 |e BOA001 |j MZK50 |s A | |
| 996 | 7 | |b 2619963387 |c 1-0463.155-67 |l MZK |r Sklad / do 1 hodiny |n 0 |w 000076057 |u 000020 |a 1 |e BOA001 |j MZK50 |s A | |
| 996 | 7 | |b 2619991038 |c 1-0463.155-67 |l MZK |r Sklad / do 1 hodiny |n 0 |w 000076057 |u 000040 |a 1 |e BOA001 |j MZK50 |s A | |
| 996 | 7 | |b 2619991126 |c 1-0463.155-67 |l MZK |r Sklad / do 1 hodiny |n 0 |w 000076057 |u 000050 |a 1 |e BOA001 |j MZK50 |s A | |
| 996 | 7 | |b 2619991199 |c 1-0463.155-67 |l MZK |r Sklad / do 1 hodiny |n 0 |w 000076057 |u 000060 |a 1 |e BOA001 |j MZK50 |s A | |
| 996 | 7 | |b 2629976713 |c TK-0100.424-67 |l MZK |r Sklad / do 24 hodin |n 2 |w 000076057 |u 000140 |a 1 |e BOA001 |j MZK50 |s A | |
| 996 | 7 | |b 3119806232 |c PK-A-0003.845-67 |l MZK |r Sklad / do 1 hodiny |n 3 |w 000076057 |u 000110 |a 1 |e BOA001 |j MZK50 |s A | |
English
Čeština 